Name the Brazilian State Capitals - Statistics

General Stats
  • This quiz has been taken 10 times
  • The average score is 20 of 27
Answer Stats
State Capital % Correct
Para Belem
100%
Minas Gerais Belo Horizonte
100%
Distrito Federal Brasilia
100%
Amazonas Manaus
100%
Pernambuco Recife
100%
Sao Paulo Sao Paulo
100%
Santa Catarina Florianopolis
86%
Ceara Fortaleza
86%
Goias Goiania
86%
Rio de Janeiro Rio de Janeiro
86%
Bahia Salvador
86%
Espirito Santo Vitoria
86%
Sergipe Aracaju
71%
Mato Grosso do Sul Campo Grande
71%
Parana Curitiba
71%
Amapa Macapa
71%
Rio Grande do Norte Natal
71%
Tocantins Palmas
71%
Acre Rio Branco
71%
Roraima Boa Vista
57%
Paraiba Joao Pessoa
57%
Rio Grande do Sul Porto Alegre
57%
Rondonia Porto Velho
57%
Maranhao Sao Luis
57%
Mato Grosso Cuiaba
43%
Alagoas Maceio
43%
Piaui Teresina
43%
No matching quizzes found
Score Distribution
Percent of People with Each Score
Percentile by Number Answered
Your Score History
You have not taken this quiz